| 000 | 00638nam a22002057a 4500 | ||
|---|---|---|---|
| 999 |
_c7197 _d7197 |
||
| 003 | AR-CdUCM | ||
| 008 | 190320b ||||| |||| 00| 0 spa d | ||
| 040 |
_aMUNICIPALIDAD PROVINCIAL DEL CUSCO _cBIBLIOTECA MUNICIPAL DEL CUSCO |
||
| 082 |
_a869.62 / _bZ22 |
||
| 100 |
_aZaldumbide, Gonzalo _920285 |
||
| 245 |
_aEn elogio de Henri Barbusse : _bextracto de la revista "Cervantes" / |
||
| 260 |
_aMadrid : _bResón de Paños, _c1919. |
||
| 300 |
_a60 páginas ; _c17 cm. |
||
| 500 | _adonación de la familia Nieto. | ||
| 650 |
_aEnsayos _9375 |
||
| 650 |
_aEspaña _9176 |
||
| 650 |
_aSiglo XX _98 |
||
| 942 |
_2ddc _cLIBROS |
||
| 945 | _araen | ||